000 02005nam0a2200313 4500
001 RU\NLR\BIBL_A\022634719
005 20251225120241.0
010 _a978-5-9704-9266-6
_9300
021 _aRU
_bКН-П-25-048637
_9КН-П-25-4707
035 _a(NLR Aleph) 022634719
090 _a13497446
_c13497446
100 _a20251002d2025 u y0rusy50 ca
101 0 _arus
102 _aRU
105 _aac||j|||001zy
181 0 _ai3
_baxxe
182 0 _an
200 1 _aТехнология изготовления лекарственных форм
_eпрактикум
_eучебное пособие для использования в образовательном процессе образовательных организаций, реализующих программы среднего профессионального образования по специальности 33.02.01 "Фармация" по ПМ.02 "Изготовление лекарственных форм и проведение обязательных видов внутриаптечного контроля", МДК 02.01 "Технология изготовления лекарственных форм"
_fВ. А. Гроссман
203 _aТекст
_bвизуальный
_cнепосредственный
210 _aМосква
_cГЭОТАР-Медиа
_d2025
215 _a320, [2] с., [1] л. цв. ил.
_cил., портр., табл.
_d21
320 _aПредм. указ. в конце кн.
606 1 _aФармацевтические препараты
_jУчебные издания для среднего профессионального образования
_xАптечное изготовление
_9998882
_3RU\NLR\AUTH\6660718
686 1 _aР282.52я72
700 1 _aГроссман
_bВ. А.
_gВладимир Александрович
942 _cBOOK
980 _aNB